[Event "Portoroz op 14th"]
[Site "Portoroz"]
[Date "2023.07.22"]
[Round "9"]
[White "Drasko, Milan"]
[Black "Kozlovic, Jernej"]
[Result "0-1"]
[WhiteElo "2352"]
[BlackElo "2101"]
[PlyCount "164"]
[EventDate "2023.07.15"]
[EventType "swiss"]
[EventRounds "9"]
[EventCountry "SLO"]
[SourceTitle "CBM 215 Extra"]
[Source "ChessBase"]
[SourceDate "2023.09.30"]
[SourceVersion "1"]
[SourceVersionDate "2023.09.30"]
[SourceQuality "1"]

1. Nf3 d5 2. g3 Bg4 3. Bg2 e6 4. d4 Nf6 5. 0-0 Nbd7 6. Nbd2 Be7 7. c4 c6 8. b3 0-0 9. Bb2 Qb6 10. h3 Bh5 11. g4 Bg6 12. Nh4 Bb4 13. Nxg6 hxg6 14. Rc1 Qa5 15. Nf3 Qxa2 16. Qc2 Ba3 17. Bc3 Qxc2 18. Rxc2 Ne4 19. Ba5 Be7 20. Rb1 f5 21. Be1 a6 22. Nd2 Nxd2 23. Bxd2 Bd8 24. Rd1 Bb6 25. Bb4 Rfd8 26. g5 Kf7 27. e3 Rh8 28. f4 Bd8 29. Be1 Nb6 30. Ra1 Nc8 31. c5 Na7 32. Bf1 Rb8 33. Kg2 Bc7 34. b4 Ke7 35. h4 Kd7 36. Rac1 Ra8 37. Ra1 Nb5 38. Kg3 Ra7 39. Rca2 Rha8 40. Kf3 b6 41. cxb6 Bxb6 42. Bd3 Bc7 43. Bd2 Bd6 44. Rh1 Kc7 45. h5 gxh5 46. Rxh5 Rb8 47. Rh7 Bf8 48. Kg3 Kd7 49. Kh4 Ke7 50. g6 Nc7 51. Rc2 Rb6 52. b5 a5 53. Rxc6 Rxc6 54. bxc6 Ra8 55. Bc2 a4 56. Bb4+ Kf6 57. Bxf8 Rxf8 58. Bxa4 Ra8 59. Bd1 Kxg6 60. Rh5 Ra1 61. Rg5+ Kf6 62. Be2 Rc1 63. Kg3 g6 64. Kf2 Rxc6 65. Rg1 Ne8 66. Bd3 Nd6 67. Ra1 Rb6 68. Ra2 Rb3 69. Ke2 Rb8 70. Rc2 Ra8 71. Kf3 Ra1 72. Kf2 Rd1 73. Ke2 Rh1 74. Rc6 Ne4 75. Bxe4 fxe4 76. Rc8 Rh2+ 77. Kf1 Kf5 78. Re8 Ra2 79. Re7 Kg4 80. Rxe6 Kf3 81. Kg1 Ra1+ 82. Kh2 Kxe3 0-1

[Event "Portoroz op 14th"]
[Site "Portoroz"]
[Date "2023.07.19"]
[Round "6"]
[White "Drasko, Milan"]
[Black "Pirs, Matjaz1111"]
[Result "1-0"]
[WhiteElo "2352"]
[BlackElo "1924"]
[PlyCount "113"]
[EventDate "2023.07.15"]
[EventType "swiss"]
[EventRounds "9"]
[EventCountry "SLO"]
[SourceTitle "CBM 215 Extra"]
[Source "ChessBase"]
[SourceDate "2023.09.30"]
[SourceVersion "1"]
[SourceVersionDate "2023.09.30"]
[SourceQuality "1"]

1. Nf3 Nf6 2. g3 d5 3. Bg2 e6 4. 0-0 Be7 5. c4 0-0 6. b3 c5 7. Bb2 Nc6 8. e3 d4 9. exd4 cxd4 10. Re1 Bd6 11. Nxd4 Nxd4 12. Bxd4 Bxg3 13. hxg3 Qxd4 14. Nc3 Rd8 15. Qe2 a6 16. Rad1 Ra7 17. Qe3 b6 18. Na4 b5 19. Nb6 Bb7 20. Nd5 Qxe3 21. Nxf6+ gxf6 22. dxe3 Rxd1 23. Rxd1 Bxg2 24. Kxg2 bxc4 25. bxc4 Kf8 26. Rd6 Ke7 27. Rb6 f5 28. a4 Rc7 29. Rxa6 Rxc4 30. Ra7+ Kf6 31. a5 h5 32. a6 h4 33. gxh4 Rxh4 34. Rb7 Ra4 35. a7 e5 36. Kf1 Ra2 37. Ke1 Ke6 38. Kd1 f6 39. Kc1 Kd5 40. f3 f4 41. exf4 exf4 42. Kb1 Ra6 43. Kc2 Kd4 44. Re7 Kc4 45. Rd7 Ra2+ 46. Kb1 Ra6 47. Kb2 Rb6+ 48. Kc2 Ra6 49. Rc7+ Kd4 50. Kb2 Ke3 51. Rc3+ Ke2 52. Ra3 Rxa7 53. Rxa7 Kxf3 54. Kc3 Ke2 55. Re7+ Kf2 56. Kd2 f3 57. Rf7 1-0

[Event "Portoroz op 14th"]
[Site "Portoroz"]
[Date "2023.07.16"]
[Round "2"]
[White "Drasko, Milan"]
[Black "Kersic, Matej"]
[Result "1-0"]
[WhiteElo "2352"]
[BlackElo "2058"]
[PlyCount "61"]
[EventDate "2023.07.15"]
[EventType "swiss"]
[EventRounds "9"]
[EventCountry "SLO"]
[SourceTitle "CBM 215 Extra"]
[Source "ChessBase"]
[SourceDate "2023.09.30"]
[SourceVersion "1"]
[SourceVersionDate "2023.09.30"]
[SourceQuality "1"]

1. Nf3 d5 2. g3 Nf6 3. Bg2 c6 4. 0-0 Bf5 5. d3 h6 6. c4 e6 7. Be3 Bd6 8. Qb3 Qd7 9. Bd4 0-0 10. Bxf6 gxf6 11. Nbd2 Be7 12. e4 dxe4 13. dxe4 Bh7 14. Qe3 Kg7 15. Nb3 Qc7 16. Nfd4 e5 17. Nc2 f5 18. exf5 Bxf5 19. Qe2 Nd7 20. Ncd4 exd4 21. Nxd4 Be6 22. Qxe6 fxe6 23. Nxe6+ Kf6 24. Nxc7 Rac8 25. Ne6 Kxe6 26. Bh3+ Kf6 27. Bxd7 Rcd8 28. Rad1 Bc5 29. Kg2 h5 30. h4 Kg7 31. f4 1-0

[Event "Portoroz op 14th"]
[Site "Portoroz"]
[Date "2023.07.15"]
[Round "1"]
[White "Zagorac, Lara"]
[Black "Drasko, Milan"]
[Result "1/2-1/2"]
[WhiteElo "1854"]
[BlackElo "2352"]
[PlyCount "86"]
[EventDate "2023.07.15"]
[EventType "swiss"]
[EventRounds "9"]
[EventCountry "SLO"]
[SourceTitle "CBM 215 Extra"]
[Source "ChessBase"]
[SourceDate "2023.09.30"]
[SourceVersion "1"]
[SourceVersionDate "2023.09.30"]
[SourceQuality "1"]

1. Nf3 Nf6 2. g3 d5 3. Bg2 c6 4. 0-0 Bg4 5. h3 Bh5 6. d4 e6 7. c4 Nbd7 8. cxd5 exd5 9. Qb3 Qb6 10. Qe3+ Be7 11. Nh4 Bg6 12. Nc3 Nf8 13. Na4 Qc7 14. Nc5 N8d7 15. Nxg6 hxg6 16. b4 Nb6 17. Qb3 Bd6 18. Qe3+ Kf8 19. Qf3 Re8 20. Re1 Nc4 21. Bf4 Bxf4 22. Qxf4 Qxf4 23. gxf4 Nd6 24. e3 Re7 25. a4 a6 26. Reb1 Nfe8 27. Bf1 Nc7 28. Kg2 g5 29. fxg5 Rh5 30. Bd3 Rxg5+ 31. Kf3 g6 32. Ra2 Rh5 33. Kg3 Kg7 34. Rc2 Ne6 35. Nxe6+ Rxe6 36. b5 axb5 37. axb5 cxb5 38. Rc7 Rf6 39. Rb2 Rg5+ 40. Kh2 Rh5 41. Kg2 Rg5+ 42. Kh2 Rh5 43. Kg2 Rg5+ 1/2-1/2

[Event "MNT-chT"]
[Site "Herceg Novi"]
[Date "2023.05.07"]
[Round "8.4"]
[White "Drasko, Milan"]
[Black "Anisimov, Pavel"]
[Result "1/2-1/2"]
[WhiteElo "2352"]
[BlackElo "2523"]
[PlyCount "23"]
[EventDate "2023.05.01"]
[EventType "team-tourn"]
[EventRounds "9"]
[EventCountry "MNE"]
[SourceTitle "CBM 214 Extra"]
[Source "ChessBase"]
[SourceDate "2023.07.31"]
[SourceVersion "1"]
[SourceVersionDate "2023.07.31"]
[SourceQuality "1"]
[WhiteTeam "Mimoza"]
[BlackTeam "Herceg Novi"]
[WhiteTeamCountry "MNE"]
[BlackTeamCountry "MNE"]

1. Nf3 d5 2. g3 Nf6 3. Bg2 e6 4. c4 Be7 5. 0-0 0-0 6. b3 d4 7. e3 c5 8. exd4 cxd4 9. d3 Nc6 10. Re1 Nd7 11. Na3 e5 12. Nc2 1/2-1/2

[Event "MNT-chT"]
[Site "Herceg Novi"]
[Date "2023.05.03"]
[Round "3.2"]
[White "Drasko, Milan"]
[Black "Kosic, Dragan"]
[Result "1/2-1/2"]
[WhiteElo "2352"]
[BlackElo "2390"]
[PlyCount "21"]
[EventDate "2023.05.01"]
[EventType "team-tourn"]
[EventRounds "9"]
[EventCountry "MNE"]
[SourceTitle "CBM 214 Extra"]
[Source "ChessBase"]
[SourceDate "2023.07.31"]
[SourceVersion "1"]
[SourceVersionDate "2023.07.31"]
[SourceQuality "1"]
[WhiteTeam "Mimoza"]
[BlackTeam "Crnogorac"]
[WhiteTeamCountry "MNE"]
[BlackTeamCountry "MNE"]

1. d4 d5 2. c4 e6 3. Nc3 Nf6 4. cxd5 Nxd5 5. Nf3 c5 6. e3 cxd4 7. Nxd5 Qxd5 8. Qxd4 Qxd4 9. Nxd4 Bb4+ 10. Bd2 Bxd2+ 11. Kxd2 1/2-1/2

[Event "Bijeljina Dana"]
[Site "Bijeljina"]
[Date "2023.01.19"]
[Round "8"]
[White "Drasko, Milan"]
[Black "Vetokhin, Savva"]
[Result "0-1"]
[WhiteElo "2364"]
[BlackElo "2354"]
[PlyCount "128"]
[EventDate "2023.01.14"]
[EventType "tourn"]
[EventRounds "9"]
[EventCountry "BIH"]
[EventCategory "6"]
[SourceTitle "CBM 212 Extra"]
[Source "ChessBase"]
[SourceDate "2023.03.31"]
[SourceVersion "1"]
[SourceVersionDate "2023.03.31"]
[SourceQuality "1"]

1. c4 c5 2. Nf3 Nf6 3. Nc3 e6 4. d4 cxd4 5. Nxd4 Nc6 6. g3 Bc5 7. Nb3 Bb4 8. Bg2 d5 9. cxd5 Nxd5 10. Bd2 Nxc3 11. Bxc3 Bxc3+ 12. bxc3 Qc7 13. 0-0 0-0 14. Qc2 Bd7 15. Rfd1 Rfc8 16. Rac1 Ne5 17. c4 Bc6 18. c5 Rd8 19. Qc3 Bxg2 20. Kxg2 Nc6 21. Nd2 Nd4 22. Qe3 Qc6+ 23. f3 Qa6 24. Nc4 Nf5 25. Rxd8+ Rxd8 26. Qb3 h5 27. Kf2 Qc6 28. Ne5 Qc7 29. Qb2 Rd5 30. Nd3 h4 31. Rg1 hxg3+ 32. hxg3 Rxc5 33. Nxc5 Qxc5+ 34. e3 Nxe3 35. Rc1 Nc4+ 36. Kg2 b5 37. Qc3 a6 38. g4 f5 39. Re1 Qd5 40. gxf5 Qxf5 41. Re2 e5 42. Kf2 Qh3 43. Qe1 e4 44. fxe4 Ne5 45. Qf1 Qh2+ 46. Ke1 Qg3+ 47. Kd2 Nc4+ 48. Kc2 Ne3+ 49. Rxe3 Qxe3 50. Qf5 Qe2+ 51. Kc3 Qc4+ 52. Kb2 Qd4+ 53. Kb1 Qf6 54. Qc8+ Kf7 55. Qd7+ Kf8 56. Qc8+ Ke7 57. Qc5+ Kf7 58. e5 Qf1+ 59. Kb2 Qe2+ 60. Kb1 Qd3+ 61. Kb2 Ke6 62. Qc6+ Kxe5 63. Qxa6 g5 64. Qc6 Qd4+ 0-1

[Event "Bijeljina Dana"]
[Site "Bijeljina"]
[Date "2023.01.16"]
[Round "4"]
[White "Stojanovic, Dalibor"]
[Black "Drasko, Milan"]
[Result "1-0"]
[WhiteElo "2448"]
[BlackElo "2364"]
[PlyCount "63"]
[EventDate "2023.01.14"]
[EventType "tourn"]
[EventRounds "9"]
[EventCountry "BIH"]
[EventCategory "6"]
[SourceTitle "CBM 212 Extra"]
[Source "ChessBase"]
[SourceDate "2023.03.31"]
[SourceVersion "1"]
[SourceVersionDate "2023.03.31"]
[SourceQuality "1"]

1. e4 e6 2. d4 d5 3. Nd2 Be7 4. Ngf3 Nf6 5. e5 Nfd7 6. Bd3 c5 7. c3 b6 8. 0-0 Ba6 9. Bxa6 Nxa6 10. Qe2 Nc7 11. Re1 Nb8 12. Nf1 Nc6 13. Ng3 h5 14. h3 Qd7 15. Rd1 h4 16. Nf1 0-0-0 17. Bg5 Bxg5 18. Nxg5 f6 19. Nf3 Kb7 20. dxc5 bxc5 21. N1d2 Qe7 22. Nb3 Rh5 23. c4 fxe5 24. Rac1 Rh6 25. cxd5 exd5 26. Rxc5 Kb8 27. Rdc1 Rdd6 28. Qd2 d4 29. Na5 Qe8 30. Nxc6+ Rxc6 31. Nxe5 Rxc5 32. Rxc5 1-0

[Event "Bijeljina Dana"]
[Site "Bijeljina"]
[Date "2023.01.14"]
[Round "1"]
[White "Drasko, Milan"]
[Black "Radlovacki, Jovan"]
[Result "0-1"]
[WhiteElo "2364"]
[BlackElo "2283"]
[PlyCount "126"]
[EventDate "2023.01.14"]
[EventType "tourn"]
[EventRounds "9"]
[EventCountry "BIH"]
[EventCategory "6"]
[SourceTitle "CBM 212 Extra"]
[Source "ChessBase"]
[SourceDate "2023.03.31"]
[SourceVersion "1"]
[SourceVersionDate "2023.03.31"]
[SourceQuality "1"]

1. Nf3 d5 2. g3 Nf6 3. Bg2 e6 4. 0-0 Be7 5. c4 0-0 6. b3 b6 7. Bb2 Bb7 8. e3 Nbd7 9. Nc3 Re8 10. Rc1 c6 11. d4 Rc8 12. Nd2 c5 13. cxd5 exd5 14. Nf3 Nf8 15. dxc5 bxc5 16. Ne5 Ne6 17. Re1 Bd6 18. Ng4 Nxg4 19. Qxg4 Be5 20. Rc2 Bc6 21. Rd1 d4 22. Bxc6 Rxc6 23. Qe4 Qa8 24. Qxe5 f6 25. Qf5 dxc3 26. Bxc3 a5 27. Rd7 a4 28. Qg4 axb3 29. axb3 Ng5 30. h4 Nf7 31. Qc4 Rce6 32. Qd5 Qxd5 33. Rxd5 Rb6 34. Rxc5 Rxb3 35. Rd2 Rbb8 36. Rd7 Rbc8 37. Rxc8 Rxc8 38. Bd4 Nd8 39. h5 Nf7 40. Kg2 h6 41. f4 Rc6 42. Kf3 Nd6 43. g4 Nb5 44. Ke4 Ra6 45. Bc5 Rc6 46. Rd8+ Kh7 47. Bd4 Re6+ 48. Kd5 Ra6 49. Rd7 Kg8 50. Bc5 Nc3+ 51. Kd4 Ne2+ 52. Kd3 Nc1+ 53. Ke4 Ra5 54. Rc7 Nb3 55. Bd4 Nd2+ 56. Kd3 Nf3 57. Rc8+ Kh7 58. Rc1 Kg8 59. Rf1 Ra3+ 60. Bc3 Nh2 61. Rg1 Nf3 62. Ra1 Rxa1 63. Bxa1 Nh2 0-1

[Event "Belgrade-chT Quality"]
[Site "Belgrade"]
[Date "2022.10.10"]
[Round "9.1"]
[White "Drasko, Milan"]
[Black "Dimic, Pavle"]
[Result "1/2-1/2"]
[WhiteElo "2373"]
[BlackElo "2352"]
[PlyCount "33"]
[EventDate "2022.10.01"]
[EventType "team-tourn"]
[EventRounds "11"]
[EventCountry "SRB"]
[SourceTitle "EXT 2024"]
[Source "ChessBase"]
[SourceDate "2023.10.10"]
[SourceVersion "1"]
[SourceVersionDate "2023.10.10"]
[SourceQuality "1"]
[WhiteTeam "Belgrade Partizan"]
[BlackTeam "Belgrade Napredak"]
[WhiteTeamCountry "SRB"]
[BlackTeamCountry "SRB"]

1. Nf3 Nf6 2. g3 g6 3. Bg2 Bg7 4. 0-0 0-0 5. d4 d6 6. c4 c6 7. Nc3 Qb6 8. c5 dxc5 9. Na4 Qb5 10. Nxc5 Na6 11. a4 Qb6 12. a5 Qb5 13. Nxa6 Qxa6 14. Re1 Be6 15. e4 Bc4 16. b3 Bb5 17. Bb2 1/2-1/2

[Event "Bihac"]
[Site "Bihac"]
[Date "2022.05.29"]
[Round "2"]
[White "Srbis, Jurica"]
[Black "Drasko, Milan"]
[Result "1-0"]
[WhiteElo "2451"]
[BlackElo "2370"]
[PlyCount "235"]
[EventDate "2022.05.28"]
[EventType "tourn"]
[EventRounds "9"]
[EventCountry "BIH"]
[EventCategory "6"]
[SourceTitle "CBM 208 Extra"]
[Source "ChessBase"]
[SourceDate "2022.07.31"]
[SourceVersion "1"]
[SourceVersionDate "2022.07.31"]
[SourceQuality "1"]

1. d4 e6 2. c4 Nf6 3. Nf3 Bb4+ 4. Bd2 Qe7 5. g3 Nc6 6. Nc3 d5 7. Bg2 0-0 8. a3 Bxc3 9. Bxc3 Ne4 10. Qc2 a5 11. 0-0 a4 12. Ne1 Nxc3 13. Qxc3 dxc4 14. Qxc4 e5 15. d5 Nd4 16. Nc2 Nb3 17. Rad1 Bd7 18. Rfe1 Rfc8 19. Nb4 Nd4 20. e3 Nf5 21. Rd3 Nd6 22. Qc1 e4 23. Rc3 Bg4 24. h3 Bf3 25. Bxf3 exf3 26. e4 Nxe4 27. Rxf3 f5 28. Rxf5 Qd7 29. g4 Re8 30. Qf4 g6 31. Re5 Rxe5 32. Qxe5 Re8 33. Qf4 Nd6 34. Re5 Rf8 35. Qg3 Qf7 36. Re2 Qf6 37. Qe5 Qf3 38. Qe3 Qxe3 39. Rxe3 Nc4 40. Rc3 b5 41. b3 axb3 42. Rxb3 Ra8 43. Nc2 Ra5 44. Rc3 Kf7 45. Nd4 Rxa3 46. Nxb5 Rxc3 47. Nxc3 Ke7 48. Kg2 h6 49. Kf3 Kd6 50. Nb5+ Kxd5 51. Nxc7+ Ke5 52. h4 h5 53. gxh5 gxh5 54. Ne8 Kf5 55. Ng7+ Kg6 56. Ne6 Nd6 57. Nf4+ Kh6 58. Ng2 Kg6 59. Kf4 Nc4 60. Ke4 Nd2+ 61. Kd3 Nb3 62. Ke4 Nd2+ 63. Ke5 Nf3+ 64. Kf4 Nd4 65. Ke4 Nb3 66. Nf4+ Kh6 67. Ke5 Nd2 68. Ng2 Nf3+ 69. Kf6 Kh7 70. Kf5 Kh6 71. Kf4 Nd2 72. Ke5 Nf3+ 73. Kf6 Kh7 74. Kf5 Kh6 75. Kf4 Nd2 76. f3 Kg6 77. Ke3 Nc4+ 78. Kd4 Nd2 79. Ke3 Nc4+ 80. Ke2 Nd6 81. Ne3 Kf6 82. f4 Ne4 83. Nf1 Kf5 84. Kf3 Nf6 85. Ng3+ Ke6 86. Ke3 Ng4+ 87. Ke4 Nf6+ 88. Kd4 Nd7 89. f5+ Kf6 90. Kd5 Nb6+ 91. Ke4 Nc4 92. Nxh5+ Kf7 93. Kf4 Nd6 94. Ng3 Kg7 95. Ne4 Nf7 96. Ng5 Nh6 97. Ke5 Ng4+ 98. Ke6 Nf6 99. Nf3 Ne4 100. Ke7 Nf6 101. Ne5 Nd5+ 102. Kd6 Nf4 103. Ng4 Kf7 104. Ke5 Nd3+ 105. Kd4 Nb4 106. Ke4 Na6 107. h5 Nc5+ 108. Kd5 Na6 109. Ke5 Nc5 110. f6 Nd7+ 111. Kf5 Nf8 112. Ne5+ Kg8 113. Ng6 Nh7 114. Ke6 Ng5+ 115. Ke7 Nf7 116. Nf4 Ne5 117. Ne6 Nc6+ 118. Ke8 1-0

[Event "ITA-chTA 53rd"]
[Site "Montesilvano"]
[Date "2022.04.20"]
[Round "2.1"]
[White "Drasko, Milan"]
[Black "Vocaturo, Daniele"]
[Result "1/2-1/2"]
[WhiteElo "2395"]
[BlackElo "2614"]
[PlyCount "49"]
[EventDate "2022.04.19"]
[EventType "team-tourn"]
[EventRounds "7"]
[EventCountry "ITA"]
[SourceTitle "CBM 207 Extra"]
[Source "ChessBase"]
[SourceDate "2022.05.31"]
[SourceVersion "1"]
[SourceVersionDate "2022.05.31"]
[SourceQuality "1"]
[WhiteTeam "Carrera Don Pietro"]
[BlackTeam "Padova Obiettivo"]
[WhiteTeamCountry "ITA"]
[BlackTeamCountry "ITA"]

1. Nf3 d5 2. g3 Nf6 3. Bg2 c5 4. 0-0 Nc6 5. c4 d4 6. e3 e5 7. exd4 cxd4 8. d3 Nd7 9. b3 Be7 10. Ba3 0-0 11. Ne1 a5 12. Qe2 Re8 13. Bxe7 Qxe7 14. Nd2 Nc5 15. f4 exf4 16. Qxe7 Rxe7 17. Rxf4 Bd7 18. Ne4 b6 19. Rd1 Rd8 20. Nc2 Ne5 21. Nxd4 Ncxd3 22. Nf5 Ree8 23. Rff1 Bc6 24. Nc3 Bxg2 25. Kxg2 1/2-1/2

[Event "Djenovici TS03 Mix 3rd"]
[Site "Djenovici"]
[Date "2022.03.30"]
[Round "1"]
[White "Drasko, Milan"]
[Black "Djurovic, Peko"]
[Result "1/2-1/2"]
[WhiteElo "2398"]
[BlackElo "2222"]
[PlyCount "53"]
[EventDate "2022.03.30"]
[EventType "swiss"]
[EventRounds "9"]
[EventCountry "MNE"]
[SourceTitle "EXT 2023"]
[Source "ChessBase"]
[SourceDate "2022.10.05"]
[SourceVersion "1"]
[SourceVersionDate "2022.10.05"]
[SourceQuality "1"]

1. Nf3 Nf6 2. g3 g6 3. Bg2 Bg7 4. 0-0 0-0 5. d4 d6 6. c4 Bf5 7. Nc3 Ne4 8. Nd5 c6 9. Ne3 Be6 10. d5 cxd5 11. Nxd5 Nc6 12. Ng5 Nxg5 13. Bxg5 h6 14. Be3 Rc8 15. Qd2 Ne5 16. b3 Ng4 17. Bd4 b6 18. Bxg7 Kxg7 19. Bh3 f5 20. Bxg4 fxg4 21. Nf4 Bd7 22. f3 Qc7 23. fxg4 Qc5+ 24. e3 Bxg4 25. Nd5 Bf3 26. Nf4 Bg4 27. Nd5 1/2-1/2

[Event "Djenovici TS03 IM"]
[Site "Djenovici"]
[Date "2022.03.24"]
[Round "6"]
[White "Thing, Bibek"]
[Black "Drasko, Milan"]
[Result "1/2-1/2"]
[WhiteElo "2193"]
[BlackElo "2398"]
[PlyCount "69"]
[EventDate "2022.03.19"]
[EventType "tourn"]
[EventRounds "9"]
[EventCountry "MNE"]
[EventCategory "1"]
[SourceTitle "EXT 2023"]
[Source "ChessBase"]
[SourceDate "2022.10.05"]
[SourceVersion "1"]
[SourceVersionDate "2022.10.05"]
[SourceQuality "1"]

1. e4 e6 2. d4 d5 3. Nc3 Bb4 4. a3 Bxc3+ 5. bxc3 Ne7 6. Qg4 0-0 7. e5 c5 8. Bd3 f5 9. exf6 Rxf6 10. Bg5 Rf7 11. Qh5 g6 12. Qd1 Nbc6 13. Nf3 Qf8 14. h4 Qg7 15. Bxe7 Rxe7 16. Bb5 e5 17. dxe5 Nxe5 18. 0-0 Nxf3+ 19. Qxf3 Qf7 20. Qg3 a6 21. Rfe1 axb5 22. Qd6 Be6 23. Re3 Ra6 24. Qxc5 Rc7 25. Qxb5 Bd7 26. Qb4 Re6 27. Rae1 Rxe3 28. Rxe3 Bf5 29. h5 gxh5 30. Rf3 Qe6 31. Re3 Qd7 32. Qh4 Bg6 33. Qg5 Qf7 34. f4 Rd7 35. Re5 1/2-1/2

[Event "Djenovici TS03 IM"]
[Site "Djenovici"]
[Date "2022.03.23"]
[Round "5"]
[White "Drasko, Milan"]
[Black "Radlovacki, Jovan"]
[Result "1-0"]
[WhiteElo "2398"]
[BlackElo "2263"]
[PlyCount "69"]
[EventDate "2022.03.19"]
[EventType "tourn"]
[EventRounds "9"]
[EventCountry "MNE"]
[EventCategory "1"]
[SourceTitle "EXT 2023"]
[Source "ChessBase"]
[SourceDate "2022.10.05"]
[SourceVersion "1"]
[SourceVersionDate "2022.10.05"]
[SourceQuality "1"]

1. d4 Nf6 2. c4 c6 3. Nf3 d5 4. Qc2 g6 5. Bf4 Na6 6. Nbd2 Bg7 7. e3 0-0 8. Be2 Nh5 9. Be5 f6 10. Bg3 Nxg3 11. hxg3 Be6 12. 0-0 Bf7 13. cxd5 cxd5 14. Bxa6 bxa6 15. Nb3 Rb8 16. Rac1 Qb6 17. Rfd1 Rfd8 18. Rd2 Be6 19. Nc5 Bf5 20. Qa4 Rd6 21. Rc3 Qc6 22. Qa3 Bf8 23. Nh4 Bc8 24. f4 Qe8 25. Nf3 Rdb6 26. b3 e6 27. Qc1 Ra8 28. Rdc2 Rbb8 29. g4 e5 30. dxe5 Bxc5 31. Rxc5 Bxg4 32. exf6 Bxf3 33. Rc7 Qe6 34. f7+ Kf8 35. Qa3+ 1-0

[Event "Djenovici TS03 IM"]
[Site "Djenovici"]
[Date "2022.03.22"]
[Round "4"]
[White "Mamatov, Melis"]
[Black "Drasko, Milan"]
[Result "1/2-1/2"]
[WhiteElo "2193"]
[BlackElo "2398"]
[PlyCount "76"]
[EventDate "2022.03.19"]
[EventType "tourn"]
[EventRounds "9"]
[EventCountry "MNE"]
[EventCategory "1"]
[SourceTitle "EXT 2023"]
[Source "ChessBase"]
[SourceDate "2022.10.05"]
[SourceVersion "1"]
[SourceVersionDate "2022.10.05"]
[SourceQuality "1"]

1. e4 e6 2. d4 d5 3. Nc3 Bb4 4. a3 Bxc3+ 5. bxc3 Ne7 6. Bd3 c5 7. exd5 Qxd5 8. Nf3 Bd7 9. 0-0 cxd4 10. cxd4 Bb5 11. a4 Bxd3 12. Qxd3 Nbc6 13. Ba3 Rd8 14. Bxe7 Nxe7 15. Qb5+ Nc6 16. c4 Qxb5 17. axb5 Nxd4 18. Nxd4 Rxd4 19. Rxa7 Rd7 20. Ra8+ Rd8 21. Ra7 Rd7 22. c5 Ke7 23. g3 Rc8 24. Rc1 Rdc7 25. Kg2 f5 26. h4 Kf6 27. Rc4 Rxc5 28. Rxc5 Rxc5 29. Rxb7 Rc3 30. b6 Rb3 31. Rb8 g6 32. b7 Kg7 33. f3 e5 34. g4 fxg4 35. fxg4 h5 36. g5 e4 37. Kf2 e3+ 38. Ke2 Kh7 1/2-1/2

[Event "MNT-chT 1st League"]
[Site "Sutomore"]
[Date "2021.08.01"]
[Round "2.1"]
[White "Kosic, Dragan"]
[Black "Drasko, Milan"]
[Result "1/2-1/2"]
[WhiteElo "2419"]
[BlackElo "2405"]
[PlyCount "23"]
[EventDate "2021.07.31"]
[EventType "team-tourn"]
[EventRounds "9"]
[EventCountry "MNE"]
[SourceTitle "EXT 2022"]
[Source "ChessBase"]
[SourceDate "2021.10.06"]
[SourceVersion "1"]
[SourceVersionDate "2021.10.06"]
[SourceQuality "1"]
[WhiteTeam "Crnogorac"]
[BlackTeam "Mimoza"]
[WhiteTeamCountry "MNE"]
[BlackTeamCountry "MNE"]

1. d4 e6 2. c4 Nf6 3. Nf3 Bb4+ 4. Bd2 Qe7 5. g3 Nc6 6. Bg2 Bxd2+ 7. Nbxd2 d6 8. 0-0 0-0 9. e4 e5 10. d5 Nb8 11. a3 a5 12. b4 1/2-1/2

[Event "Mediterranean-ch 11th"]
[Site "Petrovac"]
[Date "2021.06.25"]
[Round "8"]
[White "Eizaguerri Floris, Maria"]
[Black "Drasko, Milan"]
[Result "1/2-1/2"]
[WhiteElo "2308"]
[BlackElo "2406"]
[PlyCount "61"]
[EventDate "2021.06.19"]
[EventType "swiss"]
[EventRounds "9"]
[EventCountry "MNE"]
[SourceTitle "CBM 203 Extra"]
[Source "ChessBase"]
[SourceDate "2021.09.30"]
[SourceVersion "1"]
[SourceVersionDate "2021.09.30"]
[SourceQuality "1"]

1. e4 e6 2. d4 d5 3. Nd2 Be7 4. e5 c5 5. c3 Nc6 6. Bd3 cxd4 7. cxd4 Qb6 8. Ndf3 Bd7 9. Ne2 Nb4 10. Bb1 Bb5 11. 0-0 Qa6 12. Re1 Nd3 13. Bxd3 Bxd3 14. Nf4 Bf5 15. Nd2 Nh6 16. h3 0-0 17. g4 Bg6 18. Nxg6 fxg6 19. Nb3 g5 20. Be3 Nf7 21. Qd2 Rac8 22. Rec1 h6 23. a3 Rc4 24. Na5 Rcc8 25. b4 Qb5 26. Rxc8 Rxc8 27. Rc1 Qd7 28. Rxc8+ Qxc8 29. Qc1 Qxc1+ 30. Bxc1 Nd8 31. b5 1/2-1/2